000 02706cam a2200625 i 4500
999 _c5126
_d5126
001 22819099
003 OSt
005 20250626091509.0
008 221012t20212021nyu 000 1 eng d
010 _a 2022300140
020 _z9780008383640
035 _a(OCoLC)on1261259514
040 _aNjBwBT
_beng
_cFSP
_erda
_dFSP
_dOCLCQ
_dOCLCO
_dJAS
_dTCH
_dOCLCF
_dILC
_dWIQ
_dBDX
_dTOH
_dMLSOD
_dYDX
_dCDX
_dOCLCO
_dYU6
_dOCLCO
_dOCLCQ
_dEB$
_dOCLCO
_dIUK
_dOCLCO
_dQJK
_dXFG
_dCNCAR
_dZ#6
_dOCLCO
_dOCL
_dUAH
_dOCLCO
_dOCLCQ
_dOCLCA
_dDLC
_dKH8
042 _alccopycat
043 _ae-uk-en
082 _aFIC FER
100 1 _aFerguson, Sarah,
_cDuchess of York,
_d1959-
_eauthor.
245 1 0 _aHer heart for a compass :
_ba novel /
_cSarah Ferguson, Duchess of York with Marguerite Kaye.
250 _aFirst edition.
264 1 _aNew York, NY :
_bWilliam Morrow, an imprint of HarperCollinsPublishers,
_c[2021]
264 4 _c©2021
300 _a549 pages ;
_c24 cm
336 _atext
_btxt
_2rdacontent
337 _aunmediated
_bn
_2rdamedia
338 _avolume
_bnc
_2rdacarrier
520 _aExpected to make an advantageous marriage, Lady Margaret Montagu Scott rebels shortly before her betrothal is announced and flees, throwing herself into charitable work and befriending a group of similarly-minded, independent women.
648 7 _a1800-1899
_2fast
650 0 _aNobility
_zGreat Britain
_vFiction.
650 0 _aWomen
_zGreat Britain
_vFiction.
650 0 _aFemale friendship
_vFiction.
650 0 _aSingle women
_vFiction.
650 0 _aSelf-actualization (Psychology) in women
_vFiction.
650 7 _aFICTION
_xWomen.
_2bisacsh
650 7 _aFICTION
_xFriendship.
_2bisacsh
650 7 _aFICTION
_xHistorical
_xGeneral.
_2bisacsh
650 7 _aSingle women.
_2fast
_0(OCoLC)fst01119452
650 7 _aSelf-actualization (Psychology) in women.
_2fast
_0(OCoLC)fst01741869
650 7 _aFemale friendship.
_2fast
_0(OCoLC)fst00922609
650 7 _aNobility.
_2fast
_0(OCoLC)fst01038255
650 7 _aWomen.
_2fast
_0(OCoLC)fst01176568
650 7 _aNobility
_vFiction.
_2sears
650 7 _aWomen
_zGreat Britain
_vFiction.
_2sears
650 7 _aFriendship
_vFiction.
_2sears
651 0 _aGreat Britain
_xHistory
_y19th century
_vFiction.
651 7 _aGreat Britain.
_2fast
_0(OCoLC)fst01204623
651 7 _aGreat Britain
_xHistory
_y19th century
_vFiction.
_2sears
655 7 _aHistorical fiction.
_2lcgft
655 7 _aNovels.
_2lcgft
655 7 _aFiction.
_2fast
_0(OCoLC)fst01423787
655 7 _aHistorical fiction.
_2fast
_0(OCoLC)fst01726640
655 7 _aHistory.
_2fast
_0(OCoLC)fst01411628
655 7 _aNovels.
_2fast
_0(OCoLC)fst01921742
700 1 _aKaye, Marguerite,
_eauthor.
942 _2ddc
_cFIC